000 nam a22 7a 4500
999 _c9448
_d9448
008 180524b ||||| |||| 00| 0 eng d
020 _a1888996099
082 _21999
_aDC 808.81
_bEd2
100 _928022
_aEdelman, Bart.
245 _aSwine/
_cBart Edelman.
300 _apage 64;
_c22 cm.
500 _aThe Alphabet of Love
650 0 _928023
_aLove
_xPoems.
942 _2ddc
_cDC